Fernando Luis Ribas Dominicci Destinations (San Juan, Puerto Rico) - Statistics

General Stats
  • This quiz has been taken 13 times
    10 since last reset
  • The average score is 2 of 7
Answer Stats
Airline Destination % Correct
Air Flamenco/Vieques Air Link Culebra
57%
Air Flamenco/M&N Aviation/Vieques Air Link Vieques
57%
M&N Aviation Santo Domingo (Las Américas)
43%
Fly The Whale St. Croix
29%
M&N Aviation La Romana
14%
M&N Aviation Punta Cana
14%
M&N Aviation Santiago de los Caballeros
14%
No matching quizzes found
Score Distribution
Percent of People with Each Score
Percentile by Number Answered
Your Score History
You have not taken this quiz since the last reset